[Event "Zweibruecken PSB-ch HT1 82nd"]
[Site "Zweibruecken"]
[Date "2013.03.29"]
[Round "6"]
[White "Stoll, Anneli"]
[Black "Karolewski, Adriana Olivia"]
[Result "0-1"]
[WhiteElo "1103"]
[BlackElo "1301"]
[PlyCount "132"]
[EventDate "2013.??.??"]
[EventType "swiss"]
[EventRounds "7"]
[EventCountry "GER"]
[SourceTitle "EXT 2014"]
[Source "ChessBase"]
[SourceDate "2013.11.20"]
[SourceVersion "1"]
[SourceVersionDate "2013.11.20"]
[SourceQuality "1"]

1. e4 e6 2. Nf3 d5 3. Bd3 Nf6 4. exd5 Nxd5 5. a3 Nf4 6. Bf1 Bd6 7. g3 Ng6 8. d3 0-0 9. Be3 e5 10. Nbd2 Bg4 11. h3 Be6 12. h4 Bd5 13. Bg2 Nd7 14. Qe2 Re8 15. 0-0-0 c6 16. h5 Nf4 17. gxf4 exf4 18. Ne4 Qe7 19. Nxd6 Qxd6 20. Qd2 fxe3 21. fxe3 Qe7 22. e4 Be6 23. Qc3 h6 24. Kb1 Bg4 25. Rdg1 Qf6 26. Qxf6 Nxf6 27. Re1 Nxh5 28. Re3 Nf4 29. Bf1 Nd5 30. Re1 Bxf3 31. Rh3 Bg4 32. Rg3 Bd7 33. Kc1 Nf6 34. Kd2 c5 35. b3 b5 36. Rge3 Rac8 37. e5 Nd5 38. Re4 c4 39. b4 cxd3 40. Bxd3 Bf5 41. Rd4 Ne7 42. Rc1 Red8 43. c3 Rxd4 44. cxd4 Rxc1 45. Kxc1 Bxd3 46. Kd2 Bc4 47. Ke3 Kh7 48. Kf4 Kg6 49. Kg4 Nc6 50. Kf4 Nxd4 51. Ke4 Nc2 52. Kf4 h5 53. Ke4 Kg5 54. Kf3 Kh4 55. Kf4 Kh3 56. Kf3 Kh2 57. Kf2 h4 58. Kf3 h3 59. Kf2 g5 60. Kf3 Kg1 61. Kg4 h2 62. Kxg5 h1Q 63. Kf6 Qh5 64. Kg7 Qg6+ 65. Kf8 f6 66. exf6 Qf7# 0-1

[Event "Zweibruecken PSB-ch HT1 82nd"]
[Site "Zweibruecken"]
[Date "2013.03.22"]
[Round "1"]
[White "Nabinger, Annalena"]
[Black "Stoll, Anneli"]
[Result "1-0"]
[WhiteElo "1400"]
[BlackElo "1103"]
[PlyCount "31"]
[EventDate "2013.??.??"]
[EventType "swiss"]
[EventRounds "7"]
[EventCountry "GER"]
[SourceTitle "EXT 2014"]
[Source "ChessBase"]
[SourceDate "2013.11.20"]
[SourceVersion "1"]
[SourceVersionDate "2013.11.20"]
[SourceQuality "1"]

1. e4 e5 2. Nf3 Nc6 3. d4 exd4 4. Nxd4 Nge7 5. Nc3 h6 6. Bc4 Ne5 7. Bb3 d6 8. Bf4 Ng4 9. h3 Nf6 10. 0-0 c5 11. Nf3 Nh5 12. Bxd6 Qb6 13. Ba4+ Nc6 14. Nd5 Qd8 15. Nc7+ Kd7 16. Ne5# 1-0